Croatian soccer players' clubs - Statistics

General Stats
  • This quiz has been taken 363 times
  • The average score is 11 of 17
Answer Stats
Hint Answer % Correct
Luka Modric Real Madrid
100%
Marcelo Brozovic Inter Milan
96%
Ivan Rakitic FC Barcelona
93%
Mario Mandzukic Juventus
90%
Dejan Lovren Liverpool
89%
Mateo Kovacic Chelsea
82%
Danijel Subasic AS Monaco
79%
Ivan Strinic A.C Milan
77%
Andrej Kramaric 1899 Hoffenheim
66%
Tin Jedvaj Bayer 04 Leverkusen
63%
Domagoj Vida Besiktas
61%
Ante Rebic Einttracht Frankfurt
58%
Verdan Corluka Lokomotiv
53%
Duje-Caleta-Car Olympique de Marseille
48%
Josip Pivaric Dynamo Kiev
21%
Milan Badelj S.S Lazio
21%
Filip Bradaric Caligiari
1%
No matching quizzes found
Score Distribution
Percent of People with Each Score
Percentile by Number Answered
Your Score History
You have not taken this quiz